ENGELSİZ MASALLAR (Kayıt no. 882749)

MARC ayrıntıları
000 -LEADER
sabit uzunluktaki kontrol alanı 00248nam a2200097Ia 4500
001 - KONTROL NUMARASI
kontrol alanı 882749
005 - EN SON İŞLEMİN TARİH VE ZAMANI
kontrol alanı 20250826182705.0
008 - SABİT-UZUNLUKTA VERİ ÖĞELERİ--GENEL BİLGİ
sabit uzunluktaki kontrol alanı 250824s9999 xx 000 0 und d
245 #0 - ESER / YAZAR
ESER ADI ENGELSİZ MASALLAR
Yazar Adı AYŞEGÜL SÖZEN DAĞ
260 ## - YAYIN, DAĞITIM, VB.
YAYIN EVİ CEZVE YAYINLARI
Mevcut
Düşüm durumu Kayıp durumu Hasar Durumu Ödünç verilmez Ana kütüphane Geçerli Kütüphane Edinilen tarih Toplam ödünç verme sayısı Barkod Son görüntüleme tarihi Fiyatın geçerli olmaya başladığı tarih Koha materyal türü
        İSMAİL HAKKI TONGUÇ İMAM HATİP ORTAOKULU İSMAİL HAKKI TONGUÇ İMAM HATİP ORTAOKULU 24.08.2025   10639539 26.08.2025 26.08.2025 Kitaplar
Gemini Bilgi Teknolojileri A.Ş. tarafından düzenlenmiştir.